000 00598nam a2200169 a 4500
001 4140
005 20140414131934.0
008 090218s19uu xx 00 eng d
050 _aREF 577.34
_bJ13 2005
100 _aJackson, Tom
245 _aTropical forests.
260 _aAustin, TX :
_bRaintree Steck-Vaughn,
_c2003.
520 _aA comprehensive look at the tropical forest biome, examining its climate, plants, animals, people, and future, plus detailed views of some particular tropical forest locations.
650 _aRain forests.
650 _aRain forest ecology.
999 _c112368
_d112368